| 000 | 00730nam a22002412 4500 | ||
|---|---|---|---|
| 001 | 0000003836 | ||
| 005 | 20151217145741.0 | ||
| 008 | 070515s xx 000 0 eng d | ||
| 020 | _cKES 600 | ||
| 040 |
_aKABU _cKABU |
||
| 050 | 0 |
_aQA11 _b.M88 |
|
| 100 | 1 |
_aMutunga, Peter. _@0000161123 |
|
| 245 | 1 | 0 |
_aMathematics education / _cPeter Mutunga, John Breakell. |
| 260 |
_aNairobi : _bERAP, _c1992. |
||
| 300 | _aii, 264 p. | ||
| 650 | 0 |
_aMathematics _xStudy and teaching. _@0000159607 |
|
| 700 | 1 |
_aBreakell, John. _@0000161124 |
|
| 908 | _a070515 | ||
| 950 | _@1 | ||
| 999 |
_c2245 _d2245 |
||